The need for localized, socio-economic policy measures for controlling a pandemic: An empirical study of Covid-19 in India (Record no. 528447)
[ view plain ]
| 000 -LEADER | |
|---|---|
| fixed length control field | 01485nam a22001457a 4500 |
| 008 - FIXED-LENGTH DATA ELEMENTS--GENERAL INFORMATION | |
| fixed length control field | 241205b ||||| |||| 00| 0 eng d |
| 100 ## - MAIN ENTRY--PERSONAL NAME | |
| Personal name | Gupta, Ashish Das, Prashant and Kim, Dongshin |
| 245 ## - TITLE STATEMENT | |
| Title | The need for localized, socio-economic policy measures for controlling a pandemic: An empirical study of Covid-19 in India |
| 260 ## - PUBLICATION, DISTRIBUTION, ETC. (IMPRINT) | |
| Place of publication, distribution, etc | Vikalpa: The Journal for Decision Makers |
| 300 ## - PHYSICAL DESCRIPTION | |
| Extent | 49(3), Jul-Sep, 2024: p.213-229 |
| 520 ## - SUMMARY, ETC. | |
| Summary, etc | We examine the localized nature of COVID-19 pandemic spread in India. Through Gamma curve-fitting we observe that the infection patterns exhibit substantial variation across locations. Areas with larger male population and higher economic activity witness more cases. Economically-deprived districts experience higher mortality after controlling for the infections. Mobility in spatially contiguous locations is a significant determinant of new infections. Our study emphasizes the role of socioeconomic factors in explaining the variation across districts. The findings support the need for locally-specific policy, better medical infrastructure in socio-economically vulnerable localities and social-distancing measures in controlling the spread.- Reproduced https://journals.sagepub.com/doi/full/10.1177/02560909241260234 |
| 650 ## - SUBJECT ADDED ENTRY--TOPICAL TERM | |
| Topical term or geographic name as entry element | o-economic, Localized policy measures, Controlling pandemic, Spatial autoregressive regression, Covid-19. |
| 9 (RLIN) | 49341 |
| 773 ## - HOST ITEM ENTRY | |
| Main entry heading | Vikalpa: The Journal for Decision Makers |
| 942 ## - ADDED ENTRY ELEMENTS (KOHA) | |
| Item type | Articles |
| Withdrawn status | Lost status | Source of classification or shelving scheme | Damaged status | Not for loan | Permanent location | Current location | Date acquired | Serial Enumeration / chronology | Barcode | Date last seen | Koha item type |
|---|---|---|---|---|---|---|---|---|---|---|---|
| Indian Institute of Public Administration | Indian Institute of Public Administration | 2024-12-05 | 49(3), Jul-Sep, 2024: p.213-229 | AR133839 | 2024-12-05 | Articles |
